Countries that founded the European Union - Statistics

General Stats
  • This quiz has been taken 29 times
  • The average score is 6 of 6
Answer Stats
Countries % Correct
France
100%
Belgium
96%
Germany
96%
Italy
92%
Netherlands
92%
Luxemburg
79%
No matching quizzes found
Score Distribution
Percent of People with Each Score
Percentile by Number Answered
Your Score History
You have not taken this quiz